000 00754nam a2200241Ia 4500
003 OSt
005 20220923223355.0
006 a|||||r|||| 00| 0
007 ta
008 220922b |||||||| |||| 00| 0 hin d
024 _a214,312
037 _cTextual
040 _aARTS
_cARTS
_bhin
041 _2hin
_ahin
082 _aO152,3N021w, N3
100 _aराजेन्द्र कुमार
245 0 _aइलाचन्द्र जोशी
246 _aIlāchandra joshī
260 _aनई दिल्ली
_b साहित्य अकादेमी
_c1993
300 _a96 पृ.
_ccm.
942 _hO152,3N021w, N3
_cTEXL
_2CC
999 _c364285
_d364285